Biology. / (Record no. 2114)
[ view plain ]
| 000 -LEADER | |
|---|---|
| fixed length control field | 02187cam a22002294a 4500 |
| 001 - CONTROL NUMBER | |
| control field | 13290439 |
| 005 - DATE AND TIME OF LATEST TRANSACTION | |
| control field | 20210414114125.0 |
| 008 - FIXED-LENGTH DATA ELEMENTS--GENERAL INFORMATION | |
| fixed length control field | 030725s2005 mauab 001 0 eng |
| 010 ## - LIBRARY OF CONGRESS CONTROL NUMBER | |
| LC control number | 2003016998 |
| 020 ## - INTERNATIONAL STANDARD BOOK NUMBER | |
| International Standard Book Number | 9780071327640 |
| 050 00 - LIBRARY OF CONGRESS CALL NUMBER | |
| Classification number | QH308.2.R38 |
| 245 00 - TITLE STATEMENT | |
| Title | Biology. / |
| Statement of responsibility, etc. | Peter H. Raven ... [et al.] ; illustration authors, William C. Ober and Claire W. Garrison. |
| 250 ## - EDITION STATEMENT | |
| Edition statement | 7th ed. |
| 260 ## - PUBLICATION, DISTRIBUTION, ETC. | |
| Place of publication, distribution, etc. | Boston : |
| Name of publisher, distributor, etc. | McGraw-Hill, Higher Education, |
| Date of publication, distribution, etc. | c2005. |
| 300 ## - PHYSICAL DESCRIPTION | |
| Extent | xxiii, 1250 + various pagings : |
| Other physical details | col. ill. col. maps ; |
| Dimensions | 29 cm. |
| 500 ## - GENERAL NOTE | |
| General note | Includes index |
| 505 ## - FORMATTED CONTENTS NOTE | |
| Formatted contents note | Contents: The Science of biology -- The Nature of molecules -- The Chemical building of blocks of life -- Cell-cell interactions -- Energy and metabolism -- How cells harvest energy -- Photosynthesis -- How cells divide -- Sexual reproduction and meiosis -- Patterns of inheritance -- DNA: the genetic material -- Genes and how they work -- Gene technology -- Genomes -- Control of gene expression -- Cellular mechanisms of development -- Cancer biology and cell technology -- Genes within populations -- The Evidence for evolution -- The Origin of species - Evolution of genomes and developmental mechanisms -- Systematics and the phylogenetic revolution -- Viruses -- Prokaryotes -- Protists -- Overview of plant diversity -- Fungi -- Overview of animal diversity -- Noncoelomatic invertebrates -- Coelomate invertebrates -- Vertebrates -- Plant form -- Vegetative plant development -- Transport in plants -- Plant nutrition -- Plant defence responses -- Sensory systems in plants -- Plant reproduction -- The Animal body aand how it moves -- Fueling body activities: digestion -- Circulation and respiration -- The Nervous system -- Sensory systems -- The Endocrine system -- The Immune system -- Maintaining the internal environment -- Sex and reproduction -- Vertebrate development -- Behavioural biology -- Population ecology -- Community ecology -- Dynamics of ecosystems -- The Bioshpere -- Conservation biology. |
| 700 1# - ADDED ENTRY--PERSONAL NAME | |
| Personal name | Raven, Peter H. |
| 700 1# - ADDED ENTRY--PERSONAL NAME | |
| Personal name | Raven, Peter H. |
| Title of a work | Biology. |
| 856 41 - ELECTRONIC LOCATION AND ACCESS | |
| Materials specified | Table of contents |
| Uniform Resource Identifier | <a href="http://www.loc.gov/catdir/toc/ecip047/2003016998.html">http://www.loc.gov/catdir/toc/ecip047/2003016998.html</a> |
| 942 ## - ADDED ENTRY ELEMENTS (KOHA) | |
| Source of classification or shelving scheme | Library of Congress Classification |
| Koha item type | Books |
| Withdrawn status | Lost status | Source of classification or shelving scheme | Damaged status | Not for loan | Home library | Current library | Shelving location | Date acquired | Total Checkouts | Full call number | Barcode | Date last seen | Copy number | Price effective from | Koha item type |
|---|---|---|---|---|---|---|---|---|---|---|---|---|---|---|---|
| Library of Congress Classification | WISCONSIN INTERNATIONAL UNIVERSITY COLLEGE, GHANA - MAIN LIBRARY | WISCONSIN INTERNATIONAL UNIVERSITY COLLEGE, GHANA - MAIN LIBRARY | General Stacks | 22/08/2012 | QH308.2.R38 | 5417/12 | 22/08/2012 | 1 | 22/08/2012 | Books | |||||
| Library of Congress Classification | WISCONSIN INTERNATIONAL UNIVERSITY COLLEGE, GHANA - MAIN LIBRARY | WISCONSIN INTERNATIONAL UNIVERSITY COLLEGE, GHANA - MAIN LIBRARY | General Stacks | 22/08/2012 | QH308.2.R381 | 5418/12 | 22/08/2012 | 2 | 22/08/2012 | Books |
